| 000 | 00329nam a2200121Ia 4500 | ||
|---|---|---|---|
| 008 | 210430s9999 xx 000 0 und d | ||
| 082 | _a955 M2141 P | ||
| 100 |
_aSafdar Mahmood _99778 |
||
| 245 |
_aPakistan Political Roots &Development _cSafdar Mahmood |
||
| 260 |
_aPakistan _bOXFORD _c2000 |
||
| 300 | _a440P | ||
| 942 |
_cBK _2ddc |
||
| 999 |
_c563849 _d563849 |
||